|
|
|
|
| LEADER |
00726nab a2200205 i 4500 |
| 001 |
publ7767 |
| 005 |
20220601060006.0 |
| 008 |
170322s2014 hu o 0|| zxx d |
| 022 |
|
|
|a 0160-791X
|
| 024 |
7 |
|
|a 10.1016/j.techsoc.2014.02.004
|2 doi
|
| 024 |
7 |
|
|a 2725456
|2 mtmt
|
| 040 |
|
|
|a SZTE Publicatio Repozitórium
|b hun
|
| 041 |
|
|
|a zxx
|
| 100 |
1 |
|
|a Bajmócy Zoltán
|
| 245 |
1 |
4 |
|a The outlines of innovation policy in the capability approach
|h [elektronikus dokumentum] /
|c Bajmócy Zoltán
|
| 260 |
|
|
|a Elsevier Science
|c 2014
|
| 300 |
|
|
|a 93-102
|
| 490 |
0 |
|
|a TECHNOLOGY IN SOCIETY
|v 38 No. 1
|
| 700 |
0 |
1 |
|a Gébert Judit
|e aut
|
| 856 |
4 |
0 |
|u http://publicatio.bibl.u-szeged.hu/7767/1/outlines_of_innovation_policy_u.pdf
|z Dokumentum-elérés
|